00724nam a2200241 a 4500001001300000003000900013005001700022008004100039020001000080082001800090100002600108245003700134260004800171300001000219500003500229505001200264650002900276700002600305902000800331942000700339952011900346999001700465nice12345678IN_TiNIC20260116013934.0050524s1996 dela grp 000 0 urd  ac35000a297.0754bISH aIshaq, Muhammad Qamar aHindustan Ke Ahem Madaris (vol1) aDelhibInstitute of Objective Studiesc1996 a731p. aincludes index and biblioraphy2 aIndexes aIslam-Study and Teaching1 aIshaq, Muhammad Qamar bSRS cBK 001040708StackRoom-aHMIbHMId2007-07-23g350.00l0o297.0754 ISHp017921r2007-07-23v350.00w2005-05-24yBK c13192d13192